00649cam a22001933 4500001001300000003000400013005001700017008004100034010001700075040001300092043001200105050001700117100004400134245011000178260004500288300006800333650003700401999001700438gs 16000623 DLC20260227111320.0020619s1916 enkabc 000 0 eng  ags 16000623  aDLCcDLC ae-uk-en00aQE262.L2bM31 aMarr, J. E.q(John Edward),d1857-1933.14aThe geology of the Lake district and the scenery as influenced by geological structure,cby J.E. Marr ... aCambridge,bThe University press,c1916. axii, 220 p.bfront. (port.) illus., fold. maps, diagrs.c23 cm. 0aGeologyzEnglandzLake District. c25707d25707